书目信息 |
| 题名: |
电子技术(电工学Ⅱ)典型题解析及自测试题
|
|
| 作者: | 史仪凯 主编 | |
| 分册: | ||
| 出版信息: | 西安 西北工业大学出版社 2001 |
|
| 页数: | 298页 | |
| 开本: | 20cm | |
| 丛书名: | 工科课程提高与应试丛书 | |
| 单 册: | ||
| 中图分类: | TM-44 | |
| 科图分类: | ||
| 主题词: | 电工技术--习题 | |
| 电子资源: | ||
| ISBN: | 7-5612-1290-9 | |
| 000 | 00718nam0 2200229 450 | |
| 001 | 0554861703 | |
| 005 | 20051027152005.12 | |
| 010 | @a7-5612-1290-9@dCNY13.00 | |
| 092 | @aCN | |
| 100 | @a20051027d2001 km y0chiy0120 ea | |
| 101 | 0 | @achi |
| 102 | @aCN@b610000 | |
| 200 | 1 | @a电子技术(电工学Ⅱ)典型题解析及自测试题@Adian zi ji shu(dian gong xueⅡ)dian xing ti jie xi ji zi ce shi ti@f史仪凯主编@Fshi yi kai zhu bian |
| 210 | @a西安@c西北工业大学出版社@d2001 | |
| 215 | 1 | @a298页@d20cm |
| 225 | @a工科课程提高与应试丛书 | |
| 410 | 0 | @12001 @a工科课程提高与应试丛书 |
| 606 | 0 | @a电工技术@x习题 |
| 690 | @aTM-44@v4 | |
| 701 | 0 | @a史仪凯@Ashi yi kai@4主编 |
| 801 | 0 | @aCN@bPFT@c20051027 |
| 905 | @a10447@dTM-44@e51 | |
| 电子技术(电工学Ⅱ)典型题解析及自测试题/史仪凯主编.-西安:西北工业大学出版社,2001 |
| 298页;20cm.-(工科课程提高与应试丛书) |
| ISBN 7-5612-1290-9:CNY13.00 |
| ● |
| 相关链接 |
|
|
|
|
正题名:电子技术(电工学Ⅱ)典型题解析及自测试题
索取号:TM-44/51
 
预约/预借
| 序号 | 登录号 | 条形码 | 馆藏地/架位号 | 状态 | 备注 |
| 1 | 0337040 | 203370404 | 第二样本阅览室/ [索取号:TM-44/51] | 在馆 | |
| 2 | 0337041 | 203370413 | 第三借阅区/ [索取号:TM-44/51] | 在馆 | |
| 3 | 0337042 | 203370422 | 第三借阅区/ [索取号:TM-44/51] | 在馆 |